000 01373nam a22004097a 4500
001 000105296
003 CHAP
005 20220817044451.0
008 110809s2011 it a rn 00010 fre d
010 _a101758
011 _a102730
020 _a9789252064268
035 _a113419
040 _cCHAP
082 0 4 _a636.08
_bF21fMan. v.8
110 2 _aFAO
245 1 0 _aPréparation des plans d'intervention contre la peste porcine africaine /
_c/por Mary - Louise Penrith ...[et al.].
260 _aRome :
_bFAO,
_c2011.
300 _axi, 77 p. :
_bilus.
490 0 _aFAO. Producción y sanidad animal. Manual
_v; 8
590 _aBATCH-UPD
_b10
_c20130110
_lUCH01
_h1247
590 _aBATCH-UPD
_b10
_c20130410
_lUCH01
_h0811
590 _aBATCH-UPD
_b10
_c20130914
_lUCH01
_h1207
590 _aCONVERSION
_b10
_c20130109
_lUCH01
_h1356
590 _aE5995AHE
_b05
_c20140806
_lUCH01
_h0842
650 1 4 _aDiagnóstico.
_932393
650 1 4 _aGanado porcino
_xEnfermedades.
_945360
650 1 4 _aPeste porcina africana.
_987533
650 1 4 _aPleuroneumonía.
_989172
650 1 4 _aPolítica económica.
700 0 _aPenrith, Mary - Louise.
_986722
830 0 _aFAO. Producción y sanidad animal. Manual
_v; 8
_939661
901 _aBK
942 _cLIBRO
942 _n0
949 _a636.08 F21fMan. v.8
_bBC
_cFAO
_d33724002301306
_eFAO1
_gDonaciØn
_h115451
_i113419
_sb
999 _c101758
_d101758